| 000 | 00746nam a2200241Ia 4500 | ||
|---|---|---|---|
| 001 | 3043 | ||
| 003 | GE_BSU | ||
| 008 | 181216s||||||||xx |||||||||||||| ||und|| | ||
| 020 | _a5851730757 | ||
| 040 | _cGE_BSU | ||
| 080 | _a65.8)01(075.8) | ||
| 100 | _aС.Д.Ильенкова, Л.М. Гохберг, С.Ю. Ягудин и др;. | ||
| 245 | _aИновационный Менеджмент: | ||
| 245 | _bУчебник для вузов | ||
| 245 | _cПод. ред. С.Д. Ильнковой. | ||
| 260 | _aМосква | ||
| 260 | _bБанки и Биржи, ЮНИЕИ | ||
| 260 | _c1997 | ||
| 300 | _a327 ст. 20 см. | ||
| 541 | _h9 Л. 20 Т. | ||
| 653 | _aИновационный Менеджмент: | ||
| 942 | _cBK | ||
| 999 |
_c37087 _d37087 |
||